00752cam a2200205 a 4500035001500000651002700015001001100042008004100053020001800094050002500112100003500137245010000172260006400272300002600336440007000362500002100432500001700453504003000470650004600500 aBIIH005742 4aGuadalajara xHistoriaBIIH005742 s1977 sp spa  a84-00-03695-6 4aF1391 .G9 bS47 19771 aSerrera Contreras, Ramón Ma.10aGuadalajara ganadera : estudio regional novohispano 1760-1805 /cRamón Ma. Serrera Contreras. aSevilla :bEscuela de Estudios Hispanoa-Americanos, c1977. aXXI, 458 p. ;c24 cm. 0aPublicaciones de la Escuela de Estudios Hispano-Americanos ;v241 aIncluye índice a2 ejemplares aBibliografía: p.425-444 4aGanadozMéxico zGuadalajara xHistoria